000 00722nam a22002417a 4500
003 UA-OsUOA
001 53408
007 ta
008 20080402b un ||||| |||| 00| 0 ukr d
100 _aСавченко С.
090 _a239:94(477)
_bВ55
942 _cBK
040 _aUA-OsUOA
_bukr
_cUA-OsUOA
_dUA-OsUOA
245 _aПоза контекстом "православної реформації" та "українського ренесансу"
300 _a75 с.
955 _a2
041 _aukr
080 _a239:94(477)
020 _a966-96438-3-х
260 _aДніпропетровськ
_bІнновація
_c2007
650 7 _a2 Релігія. Теологія.
_2UDC
999 _c339494
_d339494